000
00286nam a22001337a 4500
008
170823b xxu||||| |||| 00| 0 eng d
020
_a
0387906460
041
_a
eng
080
_a
514
100
_a
38
101
_a
MAT
245
_a
ALGENRAIC TOPOLOGY
_c
SPANIER,E.H
942
_2
udc
_c
BK
999
_c
24704
_d
24704